| 000 | 00436nam a2200157 a 4500 | ||
|---|---|---|---|
| 005 | 20140414093846.0 | ||
| 008 | 091210s19uu xx 00 eng d | ||
| 050 |
_aVCD 428.407 _bAs7-d1 2002 |
||
| 100 | _aASCD | ||
| 245 |
_aReading in the content areas : _bPre-reading strategies - Disc 1 / _cASCD. |
||
| 500 | _aCD format | ||
| 650 | _aContent area reading. | ||
| 650 | _aReading comprehension. | ||
| 942 | _cAVM | ||
| 999 |
_c109590 _d109590 |
||